Library Logo

বাংলাদেশ সরকারের জাতীয় নীতিমালা / (Record no. 238489)

000 -LEADER
fixed length control field 01060nam a22002177a 4500
003 - CONTROL NUMBER IDENTIFIER
control field BD-DhUL
005 - DATE AND TIME OF LATEST TRANSACTION
control field 20180226104058.0
008 - FIXED-LENGTH DATA ELEMENTS--GENERAL INFORMATION
fixed length control field 180226s2000 bg a|||| |||| 00| 0 ben d
020 ## - INTERNATIONAL STANDARD BOOK NUMBER
International Standard Book Number 9844330389
040 ## - CATALOGING SOURCE
Original cataloging agency BD-DhUL
Transcribing agency BD-DhUL
082 ## - DEWEY DECIMAL CLASSIFICATION NUMBER
Classification number 338.95492
Item number BAN
245 10 - TITLE STATEMENT
Title বাংলাদেশ সরকারের জাতীয় নীতিমালা /
Statement of responsibility, etc. সংকলক মিয়া মুহাম্মদ আইয়ুব, আবুল কাসেম হায়দার
260 ## - PUBLICATION, DISTRIBUTION, ETC. (IMPRINT)
Place of publication, distribution, etc. ঢাকা :
Name of publisher, distributor, etc. হাক্কানী,
Date of publication, distribution, etc. ২০০০.
300 ## - PHYSICAL DESCRIPTION
Extent [৮], ৪০০ পৃ. :
Other physical details চিত্র ;
Dimensions ২২ সেমি
504 ## - BIBLIOGRAPHY, ETC. NOTE
Bibliography, etc গ্রন্থপঞ্জিগত তথ্য সংবলিত
650 #0 - SUBJECT ADDED ENTRY--TOPICAL TERM
Topical term or geographic name as entry element অর্থনৈতিক পরিকল্পনা
650 #0 - SUBJECT ADDED ENTRY--TOPICAL TERM
Topical term or geographic name as entry element Economic plan
700 ## - ADDED ENTRY--PERSONAL NAME
Personal name আইয়ুব, মিয়া মুহাম্মদ
Relator term সংকলন
700 ## - ADDED ENTRY--PERSONAL NAME
Personal name হায়দার, আবুল কাসেম
Relator term যুগ্ম সংকলন
942 ## - ADDED ENTRY ELEMENTS (KOHA)
Source of classification or shelving scheme
Koha item type Books
Holdings
Price effective from Date last seen Permanent Location Not for loan Date acquired Source of classification or shelving scheme Koha item type Lost status Withdrawn status Copy number Source of acquisition Collection code Damaged status Shelving location Barcode Current Location Full call number
2018-02-262018-02-26Dhaka University LibraryNot For Loan2018-02-26 Books  3GiftNon Fiction Dr. Aftab Ahmed Collection427242Dhaka University Library338.95492 BAN
Last Updated on September 15, 2019
© Dhaka University Library. All Rights Reserved|Staff Login